LEADER 01322nam a2200301 u 4500 001 000000074204 003 CaOOAMICUS 005 20070226122433.0 008 021203s1988 gw u000 u ger u 020 $a3161449746 035 $a10946888 040 $aPUL$bita 100 1 $aSato, Migaku.$0(OLS)http://pul/name/49187 245 10$aQ und Prophetie :$bStudien zur Gattung- und Traditionsgeschichte der Uqllq Q /$cvon Migaku Sato. 260 $aTübingen :$bMohr Siebeck,$cc1988. 300 $axii, 437 p. ;$c24 cm 490 1 $aWissenschaftliche Untersuchungen zum Neuen Testament.$aReihe 2 ;$v29 500 $aComprende indici. 504 $aBibliografia in nota. 630 04$aBiblia.$xManoscritti (papiri).$0(OLS)http://pul/subject/25974 830 0$aWissenschaftliche Untersuchungen zum Neuen Testament.$nReihe 2 ;$v29.$0(OLS)http://pul/title/264 850 $aPUL 852 $aPUL$W1$xSL Religione 1$y3$m16 I 29$j95762$nBK-PRI$b $qStampati$B95762$CPULBib$Z2$F95762 $H $81 941 1 $a8 961 $aINV: 89543 996 $6020$a3161449746$9(OLS)http://pul/number/96063 996 $6245$aQ und Prophetie :$bStudien zur Gattung- und Traditionsgeschichte der Uqllq Q$9(OLS)http://pul/title/97493 996 $6260$aTübingen :$bMohr Siebeck$9(OLS)http://pul/publisher/52004 LEADER 01861nam a2200349 a 4500 001 000000168628 003 CaOOAMICUS 005 20180711102145.0 008 180711s2018 it o u000 u ita r 020 $a978-88-99221-04-1* 032 $aLibriCat 040 $aPUL$bita 111 2 $aConvegno di studi storico-ecumenici$n(1 :$d2017 :$cBari).$0(OLS)http://pul/name/108650 245 11$a"Colloquium charitativum" San Lorenzo da Brindisi in dialogo con i luterani :$batti del I Convegno di studi storico-ecumenici : Bari, 29 aprile 2017 /$ca cura di Alfredo di Napoli. 260 $aBari :$bL'Aurora Serafica,$c2018. 300 $aXXV, 235 p. :$bfoto. ;$c24 cm. 490 1 $aStudia PACS. "S. Lorenzo da Brindisi". Parola-Arte-Cultura-Storia ;$v03 500 $aIn testa al front.: Biblioteca provinciale dei Frati minori cappuccini di Puglia, Bari. 504 $aBibliografia in nota. 600 04$aLaurentius a Brundusio,$cs.,$d1559-1619.$0(OLS)http://pul/subject/4170 700 1 $aDi Napoli, Alfredo,$co.f.m.,$d1967-$0(OLS)http://pul/name/77557 830 0$aStudia PACS ;$v03.$0(OLS)http://pul/title/209064 850 $aPUL 852 $aPUL$W1$xDP1 Religione 1$y20$m642 Z 220$j192069$qStampati$B196552$CPULBib$Z2$F196552 $H131150 $81 941 1 $a8 960 $aLaurentius a Brindisi,? $cs.,$d1559-1619?$94170 960 $aLorenzo da Brindisi,$cs.,$d1559-1619?$94170 960 $aRusso, Lorenzo,? $cO.F.M.Cap.,? $d1559-1619$94170 996 $6020$a978-88-99221-04-1*$9(OLS)http://pul/number/164505 996 $6245$a"Colloquium charitativum" San Lorenzo da Brindisi in dialogo con i luterani :$batti del I Convegno di studi storico-ecumenici : Bari, 29 aprile 2017$9(OLS)http://pul/title/209062 996 $6260$aBari :$bL'Aurora Serafica$9(OLS)http://pul/publisher/84535